Normal view
MARC view
Entry Personal Name
001 - CONTROL NUMBER
- control field: 44067
003 - CONTROL NUMBER IDENTIFIER
- control field: dpl
005 - DATE AND TIME OF LATEST TRANSACTION
- control field: 20120321143714.0
008 - FIXED-LENGTH DATA ELEMENTS
- fixed length control field: 120321|||a|||||| | ||| d
040 ## - CATALOGING SOURCE
- Original cataloging agency: dpl
- Transcribing agency: dpl
100 ## - HEADING--PERSONAL NAME
- Personal name: ईश्वर सिंह "शिक्षक"
670 ## - SOURCE DATA FOUND
- Source citation: Work cat.: (dpl)3042: ईश्वर सिंह "शिक्षक", कैसे जियें जिंदगी?, 2006
670 ## - SOURCE DATA FOUND
- Source citation: Work cat.: (dpl)3042: ईश्वर सिंह "शिक्षक", कैसे जियें जिंदगी?, 2006
